000 00315nam a2200097Ia 4500
008 171204s9999 xx 000 0 und d
245 _aSoutheast Asian Cartoon Art: History, Trends and Problems:
260 _c2014
650 _xTraditional Cartoon Animation
856 _uhttp://down.ebook777.com/058/9780786475575.pdf
999 _c346344
_d346344